Centrálna zóna, Pezinok
Uložené v:
| Hlavný autor: | |
|---|---|
| Ďalší autori: | |
| Médium: | Rukopis Kniha |
| Jazyk: | Slovak |
| Vydavateľské údaje: |
2024
|
| Predmet: | |
| On-line prístup: | http://is.stuba.sk/zp/portal_zp.pl?podrobnosti=161739 |
| Tagy: |
Žiadne tagy, Buďte prvý, kto otaguje tento záznam!
|
MARC
| LEADER | 00000ntm a22000003a 4500 | ||
|---|---|---|---|
| 001 | stuzp98820 | ||
| 003 | SK-STU | ||
| 005 | 20240615211227.9 | ||
| 007 | ta | ||
| 008 | 150427s2015----xo-----f-mn---000-0-slo-d | ||
| 040 | |a STU |b slo | ||
| 041 | 0 | |a slo | |
| 100 | 1 | |a Illéšová, Andrea |u 056160 |4 aut |U FAD Fakulta architektúry a dizajnu |T FAD Ústav urbanizmu a územného plánovania |X 110010 |U A6160 |Y 397 |7 110010 | |
| 242 | 0 | 1 | |a City Centre Public Space, Pezinok |y eng |
| 245 | 1 | 0 | |a Centrálna zóna, Pezinok |
| 260 | |c 2024 | ||
| 650 | 4 | |a verejný priestor |2 slo | |
| 650 | 4 | |a mesto pre peších |2 slo | |
| 650 | 4 | |a vinohradnícke mesto |2 slo | |
| 650 | 4 | |a centrum mesta |2 slo | |
| 650 | 4 | |a historická zóna |2 slo | |
| 650 | 4 | |a public space |2 eng | |
| 650 | 4 | |a town´s center |2 eng | |
| 650 | 4 | |a historic zone |2 eng | |
| 650 | 4 | |a pedestrian-friendly design |2 eng | |
| 650 | 4 | |a viticultural town |2 eng | |
| 700 | 1 | |a Vitková, Ľubica |u 056160 |k Z1 |4 ths |U FAD Fakulta architektúry a dizajnu |T FAD Ústav urbanizmu a územného plánovania |X 447 |U A6160 |Y 397 |7 A000000447 | |
| 856 | 4 | |u http://is.stuba.sk/zp/portal_zp.pl?podrobnosti=161739 | |